• 首页
  • 本馆介绍
  • 公告通知
  • 最新文献
  • 馆藏检索
  • 电子资源
  • 读者导购
  • 参考咨询
  • 我的图书馆
  • 登录
  • 详细信息显示
  • 放入我的书架
  • 预约/预借图书
  • 作者相关作品
  • 分类相关作品
  • 丛书相关作品
  • 出版社相关作品

书目信息

  • 表格格式
  • 工作单格式
  • 卡片格式
题名:
细胞信号转导
    
 
作者: 孙大业
分册:  
出版信息: 北京   科学出版社  2001
页数: 382
开本: 26cm
丛书名:
单 册:
中图分类: Q753
科图分类:
主题词: 分子遗传学
电子资源:
ISBN: 7-03-009615-0
000 00514nam0 2200193 450
001 0741144344
005 20070817112544.34
010    @a7-03-009615-0@d¥48.00
100    @a20070817d km y0chiy0120 ea
101 0  @achi
200 1  @a细胞信号转导@Axi bao xin hao zhuan dao@f孙大业等@Fsun da ye deng
205    @a3版
210    @a北京@c科学出版社@d2001
215    @a382@d26cm
606 0  @a分子遗传学
690    @aQ753@v3
701  0 @a孙大业@Asun da ye
801  0 @aCN@bPFT@c20070817
905    @a213230@dQ753@en2=2@f1
    
    细胞信号转导/孙大业等.-3版.-北京:科学出版社,2001
    382;26cm
    
    
    ISBN 7-03-009615-0:¥48.00
    
●
相关链接 在E读中查询图书 在五车中查询图书 在当当中查询图书 在豆瓣中查询图书


正题名:细胞信号转导     索取号:Q753/n2=2         预约/预借

序号 登录号 条形码 馆藏地/架位号 状态 备注
1 6601406   266014065   密集书库-生命科学系/ [索取号:Q753/n2=2] 在馆    
唐山师范学院图书馆 欢迎您!
大连网信软件有限公司© 版权所有